01157nas a2200349 4500001001000000003000900010005001700019007000300036008003400039040005400073041000900127072000800136100002000144100002200164100001600186100001700202100001900219100001900238100001900257100002400276245005900300650001500359650001700374650002900391650002600420650002200446773011400468909004000582942001800622999001900640952014800659BR0405422BR-BrBNA20231205104952.0ta230509b bl.|||p| |||| 00| 00por d aBR-BrBNAbporcBiblioteca Nacional de Agricultura a(Pt) aF011 aAlmeida, E.F.A.1 aRodrigues, M.G.V.1 aSilva, F.C.1 aDias, M.S.C.1 aSouza, I.A. de1 aCarvalho, M.M.1 aAraújo, R.A.1 aParrela, R.A. da C.1 aIndução floral em bromélia Guzmania 'Grand Prix' aBROMÉLIA aBROMELIACEAE aREGULADOR DE CRESCIMENTO aBROTAÇÃO INDUZIDA aPLANTA ORNAMENTAL0 tRevista Brasileira de Horticultura Ornamental (Brazil)xISSN 1414-039Xg(2003), v. 9(2) p. 129-134wBR0405422 a202311bLúciac55dLúcia Elande 2AGRISn0cANA c180551d180551 002AGRIS4071a41918b41918cPeriódicos Agrícolash(2003), v. 9(2) p. 129-134l0r2023-11-29t01yCRePortaria Interministerial nº 164/94